000 00901nam a2200265 i 4500
003 DO-SdBNP
005 20250602140330.0
007 ta
008 250602t2019 dr 000 0 spa d
040 _aDO-SdBNP
_bspa
_cBNPHU
_erda
082 _axxxx
_bR173
_222
100 1 _aRamírez Fernández, José Pastor
_eautor
_4aut.
_987950
245 1 3 _aLa familia al encuentro de la palabra /
_cJosé Pastor Ramírez Fernández
250 _aPrimera edición
264 _aSanto Domingo :
_bPROFOCO familia Salesiana,
_c2019.
300 _a27 páginas
_c28 cm.
336 _atexto
_btxt
_2rdacontent
337 _asin mediación
_bn
_2rdamedia
338 _avolumen
_bnc
_2rdacarrier
500 _aIncluye datos bibliográficos a pie de páginas.
590 _aInventariado, 2025/ YL
710 _aPrograma de Formación Conjunta de la familia Salesiana
_987951
910 _aYLockward
942 _2ddc
_cLF2
999 _c59121
_d59121